[Event "Oberliga Wuert9394"]
[Site "Germany"]
[Date "1994.??.??"]
[Round "?"]
[White "Votruba, Pavel"]
[Black "Jurek, Josef"]
[Result "1/2-1/2"]
[WhiteElo "2370"]
[BlackElo "2280"]

1.Nf3 Nf6 2.c4 c5 3.g3 b6 4.Bg2 Bb7 5.O-O g6 6.b3 Bg7 7.Bb2 O-O 8.Nc3 Ne4
9.Qc2 Nxc3 10.Bxc3 Bxc3 11.Qxc3 d5 12.cxd5 Qxd5 13.d4 cxd4 14.Qxd4 Qxd4 15.Nxd4 Bxg2
16.Kxg2 Rc8 17.Rac1 Nd7 18.Nc6 Kf8 19.b4 Rc7 20.Ne5 Rxc1 21.Nxd7+ Ke8 22.Nf6+ exf6
23.Rxc1 Kd7 24.Kf3 f5 25.h4 h5 26.e3 Re8  1/2-1/2

[Event "BL2-S9394"]
[Site "Germany"]
[Date "1994.??.??"]
[Round "?"]
[White "Maeser, Fabian"]
[Black "Palkovi, Jozsef"]
[Result "0-1"]
[WhiteElo "2295"]
[BlackElo "2410"]

1.c4 c5 2.Nf3 Nf6 3.g3 b6 4.Bg2 Bb7 5.O-O g6 6.Nc3 Bg7 7.d4 cxd4 8.Nxd4 Bxg2
9.Kxg2 O-O 10.e4 Qc7 11.Be3 Nc6 12.b3 Qb7 13.f3 e6 14.Rc1 Rfd8 15.Qd2 Ne5
16.Bf4 d6 17.Rfd1 a6 18.Qe2 Rac8 19.Rc2 Ned7 20.Bxd6 e5 21.Ndb5 axb5 22.Nxb5 Nc5
23.Rcd2 Bh6 24.Rc2 Ne6 25.Bxe5 Rxd1 26.Qxd1 Ng4 27.Nd6 Ne3+ 28.Kg1 Qd7 29.Qe2 Nxc2
30.Nxc8 Qxc8 31.Qxc2 Qc5+  0-1

[Event "Bundesliga 9394"]
[Site "Germany"]
[Date "1994.??.??"]
[Round "?"]
[White "Vaganian, Rafael A"]
[Black "Ambroz, Jan"]
[Result "1-0"]
[WhiteElo "2625"]
[BlackElo "2420"]

1.Nf3 Nf6 2.c4 b6 3.g3 c5 4.Bg2 Bb7 5.O-O g6 6.d4 cxd4 7.Qxd4 Bg7 8.Nc3 Nc6
9.Qf4 Qb8 10.Qh4 h6 11.Nd5 Qd8 12.Qf4 Rc8 13.Rb1 e6 14.Nc3 O-O 15.b3 d5 16.Ba3 Re8
17.Rbd1 a6 18.Bh1 e5 19.Qc1 d4 20.e3 d3 21.Nd2 b5 22.Nde4 Nxe4 23.Bxe4 bxc4
24.bxc4 Qa5 25.Rxd3 f5 26.Rd7 Rc7 27.Rd5 fxe4 28.Qb2 Rec8 29.Rfd1 Rf7 30.Rxa5 Nxa5
31.Qb6 Nxc4 32.Qe6 Rc7 33.Bc5 Nb2 34.Rd8+ Kh7 35.Bd6  1-0

[Event "Groningen op"]
[Site "Groningen"]
[Date "1994.??.??"]
[Round "1"]
[White "Schiffer, Kai Uwe"]
[Black "Szekely, Peter"]
[Result "1/2-1/2"]
[WhiteElo "2300"]
[BlackElo "2490"]

1.Nf3 c5 2.c4 Nf6 3.g3 b6 4.Bg2 Bb7 5.O-O g6 6.b3 Bg7 7.Bb2 O-O 8.Nc3 Na6
9.Rc1 d5 10.Nxd5 Nxd5 11.Bxg7 Kxg7 12.cxd5 Qxd5 13.d4 Rfd8 14.dxc5 Nxc5 15.Qxd5 Bxd5
16.Rfd1 Bxf3 17.Bxf3 Rxd1+ 18.Rxd1 Rc8 19.b4 Ne6 20.Rd7 Rc7 21.Rxc7 Nxc7
22.e3 Kf6 23.Kf1 Nb5 24.Be2 Nd6  1/2-1/2

[Event "Groningen op"]
[Site "Groningen"]
[Date "1994.??.??"]
[Round "10"]
[White "Szekely, Peter"]
[Black "Steinbacher, Matthias"]
[Result "1/2-1/2"]
[WhiteElo "2490"]
[BlackElo "2380"]

1.Nf3 Nf6 2.c4 b6 3.g3 Bb7 4.Bg2 c5 5.O-O g6 6.Nc3 Bg7 7.d4 Ne4 8.Nd5 Nc6
9.dxc5 e6 10.Nf4 bxc5 11.Be3 Qb6 12.Nd3 d6 13.Nd2 Nxd2 14.Qxd2 O-O 15.b4 Nxb4
16.Bxb7 Qxb7 17.Rab1 Qa6 18.Nxb4 cxb4 19.Rxb4 Rfc8 20.Rfb1 d5 21.c5 Qc6 22.Rb7 e5
23.Bh6 d4 24.Bxg7 Kxg7 25.Qg5 Qxc5 26.R7b5 Qc4 27.Qxe5+ Kg8 28.a3 d3  1/2-1/2

[Event "HUN-chT 9394"]
[Site "?"]
[Date "1994.??.??"]
[Round "?"]
[White "Forgacs, Jozsef"]
[Black "Bernei, Andras"]
[Result "1/2-1/2"]
[WhiteElo "2315"]
[BlackElo "2345"]

1.Nf3 Nf6 2.g3 b6 3.Bg2 Bb7 4.c4 c5 5.O-O g6 6.b3 Bg7 7.Bb2 O-O 8.d4 cxd4
9.Qxd4 d6 10.Nc3 Nbd7 11.Rac1 a6 12.Nd5 b5 13.Nxf6+ Bxf6 14.Qd2 Bxb2 15.Qxb2 Qb6
16.Qd4 Rfc8 17.Qh4 Nf6 18.Bh3 Rc5 19.Qd4 Bxf3 20.exf3 Qc7 21.Rfe1 Kf8 22.Qe3 bxc4
23.Rxc4 Rxc4 24.bxc4 Re8 25.c5 dxc5 26.Rc1 Kg7 27.Qxc5 Qb7 28.Bf1 Qxf3 29.Bxa6 Ra8
30.Bc4 e6 31.Qe5 Rc8 32.Qd4 Rc7 33.Re1 Rd7 34.Qe3 Qxe3 35.Rxe3 Rd2 36.Re2 Rd1+
37.Kg2 Nd7 38.Bb3 Ra1 39.Rc2 Kf6 40.f4 h6 41.Rc7 Nb6 42.Rc6 Nd7 43.Kf3 g5
44.Rc7 Nb6 45.Rc6 Nd7 46.Rc7 Nb6 47.Rc6 Nd7 48.Rc7  1/2-1/2

[Event "HUN-chT2 9394"]
[Site "?"]
[Date "1994.??.??"]
[Round "?"]
[White "Herpai, Jozsef"]
[Black "Majdanics, Antal"]
[Result "1-0"]
[WhiteElo "2320"]
[BlackElo "2220"]

1.Nf3 Nf6 2.c4 c5 3.g3 b6 4.Bg2 Bb7 5.O-O g6 6.b3 Bg7 7.Bb2 O-O 8.d3 d5 9.cxd5 Nxd5
10.Bxg7 Kxg7 11.h4 f6 12.d4 Nb4 13.Ng5 Bd5 14.dxc5 fxg5 15.Qd4+ e5 16.Qxb4 Bxg2
17.Kxg2 Qd5+ 18.f3 bxc5 19.Nc3 Qc6 20.Qe4 gxh4 21.Qxe5+ Kh6 22.Rh1 g5 23.gxh4 Kg6
24.hxg5  1-0

[Event "JUG-ch sf"]
[Site "Kladovo"]
[Date "1994.??.??"]
[Round "?"]
[White "Stojanovic, Mihajlo"]
[Black "Marinkovic, Slavisa"]
[Result "1/2-1/2"]
[WhiteElo "2300"]
[BlackElo "2375"]

1.Nf3 Nf6 2.c4 b6 3.g3 c5 4.Bg2 Bb7 5.O-O g6 6.b3 Bg7 7.Bb2 O-O 8.Nc3 d5
9.Nxd5 Nxd5 10.Bxg7 Kxg7 11.cxd5 Qxd5 12.d4 cxd4 13.Qxd4+ Qxd4 14.Nxd4 Bxg2
15.Kxg2 Rc8 16.Rac1 Na6 17.Nb5 Nb4 18.Rxc8 Rxc8 19.Nxa7 Ra8 20.a3 Rxa7 21.axb4 Ra2
22.Rc1 Rxe2 23.Rc6 b5 24.Rc5 Rb2 25.Rxb5 Rxb3  1/2-1/2

[Event "CRO-chT"]
[Site "Makarska"]
[Date "1994.??.??"]
[Round "3"]
[White "Dizdarevic, Emir"]
[Black "Hulak, Krunoslav"]
[Result "1/2-1/2"]
[WhiteElo "2515"]
[BlackElo "2530"]

1.Nf3 c5 2.g3 b6 3.Bg2 Bb7 4.O-O Nf6 5.c4 g6 6.Nc3 Bg7 7.Re1 Ne4 8.Nxe4 Bxe4
9.d3 Bc6 10.Rb1 O-O 11.a3 d5 12.b3 Qd6 13.cxd5 Bxd5 14.e4 Bb7 15.d4 cxd4
16.e5 Qd8  1/2-1/2

[Event "Malmo"]
[Site "Malmo"]
[Date "1994.??.??"]
[Round "8"]
[White "Andersson, Ulf"]
[Black "Sjoberg, Mats"]
[Result "1-0"]
[WhiteElo "2620"]
[BlackElo "2460"]

1.Nf3 Nf6 2.c4 c5 3.g3 b6 4.Bg2 Bb7 5.O-O g6 6.d4 cxd4 7.Qxd4 Bg7 8.Nc3 O-O
9.Qh4 d6 10.Bh6 Nbd7 11.Rac1 Rc8 12.b3 Rc5 13.Bxg7 Kxg7 14.Qd4 Qa8 15.Rfe1 Rfc8
16.e4 Kg8 17.Rcd1 b5 18.Nxb5 Bxe4 19.Re3 Ne5 20.Rxe4 Qxe4 21.Qxe4 Nxe4 22.Nfd4 d5
23.Nxa7 Ra8 24.Ndb5 Rxb5 25.Nxb5 Rxa2 26.Bxe4 dxe4 27.Nc3 Rd2 28.Rxd2 Nf3+
29.Kg2 Nxd2 30.c5 Kf8 31.b4 f5 32.b5 Ke8 33.c6 e6 34.b6  1-0

[Event "Amber-blind 3rd"]
[Site "Monte Carlo"]
[Date "1994.??.??"]
[Round "8"]
[White "Kramnik, Vladimir"]
[Black "Karpov, Anatoly"]
[Result "1/2-1/2"]
[WhiteElo "2710"]
[BlackElo "2740"]

1.Nf3 Nf6 2.c4 b6 3.g3 Bb7 4.Bg2 c5 5.O-O g6 6.Nc3 Bg7 7.d4 cxd4 8.Qxd4 d6
9.Be3 Nbd7 10.Rac1 Rc8 11.Rfd1 O-O 12.Qh4 Re8 13.b3 a6 14.Bh3 Rc7 15.Bh6 Rc5
16.Bxg7 Kxg7 17.Qd4 Kg8 18.b4 Rc7 19.Nd5 Nxd5 20.cxd5 Nf6 21.e4 b5 22.Qe3 Bc8
23.Rxc7 Qxc7 24.Rc1 Qb8 25.Bg2 Bd7 26.h3 Rc8 27.Nd4 Rxc1+ 28.Qxc1 Qb6 29.Qc3 Ne8
30.a3 Nc7 31.h4 e5 32.dxe6 Nxe6 33.Nxe6 Bxe6 34.Bf3 h5 35.Kg2 Kf8 36.e5 d5
37.Qd2 Qc7 38.Bxd5 Qxe5 39.Bb7 Qc7 40.Be4 Qe5 41.Qd3 Bc4 42.Qf3 Kg7 43.Bb7 Qd6
44.Kg1 Qd2 45.Qe3 Qd6 46.Kh2 Kh7 47.Qa7 Qf6 48.Qe3 Qd6 49.Qc5 Qe6 50.Kg2 Qd7
51.Be4 Kg7 52.Qe5+ Kg8 53.Qf6 Be6 54.Kh2 Kh7 55.Qf3 Kg8 56.Qc3 Qd1 57.Qe3 Bc4
58.Bb7  1/2-1/2

[Event "Moscow ol (Men)"]
[Site "Moscow"]
[Date "1994.??.??"]
[Round "5"]
[White "Smejkal, Jan"]
[Black "Sunye Neto, Jaime"]
[Result "1/2-1/2"]
[WhiteElo "2510"]
[BlackElo "2535"]

1.c4 Nf6 2.Nf3 b6 3.g3 Bb7 4.Bg2 c5 5.O-O g6 6.b3 Bg7 7.Bb2 O-O 8.Nc3 d6
9.Rc1 Nbd7 10.d3 a6 11.e4 b5 12.Qe2 bxc4 13.bxc4 Rb8 14.Ba1 e6 15.Rb1 Bc6
16.Nd2 Rxb1 17.Rxb1 Qc7 18.f4 Rb8 19.Rf1 Ne8 20.Nf3 Nb6 21.g4 Nf6 22.h3 Nfd7
23.g5 Re8 24.h4  1/2-1/2

[Event "Moscow ol (Men)"]
[Site "Moscow"]
[Date "1994.??.??"]
[Round "6"]
[White "Itkis, Boris"]
[Black "Kudrin, Sergey"]
[Result "1-0"]
[WhiteElo "2455"]
[BlackElo "2550"]

1.Nf3 c5 2.c4 Nf6 3.g3 b6 4.Bg2 Bb7 5.O-O g6 6.b3 Bg7 7.Bb2 O-O 8.Nc3 e6
9.d4 d6 10.Rc1 a6 11.Qd2 cxd4 12.Nxd4 Bxg2 13.Kxg2 Qc7 14.Rfd1 Rd8 15.Qe3 Nbd7
16.h3 Re8 17.Nf3 Nc5 18.b4 Ncd7 19.Qd4 Qb7 20.Kg1 Nd5 21.Qd2 Nxb4 22.a3 Nc6
23.Ne4 Red8 24.Bxg7 Kxg7 25.Nxd6 Qb8 26.Qb2+ f6 27.Ne4 e5 28.Rd6 Qc7 29.Rd5 Nf8
30.Rcd1 Na5 31.Qb4 Rxd5 32.cxd5 Rd8 33.g4 h6 34.Rd3 Nc4 35.d6 Qc6 36.d7  1-0

[Event "Moscow ol (Men)"]
[Site "Moscow"]
[Date "1994.??.??"]
[Round "12"]
[White "Zueger, Beat"]
[Black "Zagrebelny, Sergey"]
[Result "1/2-1/2"]
[WhiteElo "2420"]
[BlackElo "2515"]

1.c4 Nf6 2.Nf3 b6 3.g3 Bb7 4.Bg2 c5 5.O-O g6 6.b3 Bg7 7.Bb2 O-O 8.Nc3 Na6
9.d4 cxd4 10.Nxd4 Bxg2 11.Kxg2 Nc5 12.Nf3 e6 13.b4 Nb7 14.Qb3 Rc8 15.Rac1 Nd6
16.Na4  1/2-1/2

[Event "Moscow ol (Men)"]
[Site "Moscow"]
[Date "1994.??.??"]
[Round "13"]
[White "Guevara, M."]
[Black "Atlas, Valeri"]
[Result "0-1"]
[WhiteElo "2335"]
[BlackElo "2450"]

1.Nf3 c5 2.g3 b6 3.Bg2 Bb7 4.O-O Nf6 5.c4 g6 6.b3 Bg7 7.Bb2 O-O 8.Nc3 d6
9.Qc2 a6 10.Rad1 Nbd7 11.d3 Qc7 12.e4 e6 13.d4 cxd4 14.Nxd4 Rac8 15.Qb1 Qb8
16.Nc2 Rfd8 17.Ne3 Nc5 18.Rfe1 Qa8 19.Qa1 Ne8 20.f3 h5 21.Ne2 Bxb2 22.Qxb2 b5
23.Nf4 Qa7 24.Kh1 Nd7 25.Nd3 bxc4 26.bxc4 Ba8 27.a4 a5 28.e5 Nc5 29.Nxc5 Qxc5
30.Qb5 Qa7 31.exd6 Rxd6 32.c5 Rdc6 33.Rc1 Rxc5 34.Rxc5 Qxc5 35.Qxc5 Rxc5
36.Rb1 Bc6 37.Ra1 Rc3 38.f4 Bxg2+ 39.Nxg2 Nf6 40.Kg1 Nd5 41.Kf2 Kf8 42.Ne1 Ke7
43.Ra2 Nb4 44.Rd2 Ra3 45.Nf3 Rxa4 46.Ne5 Ke8  0-1

[Event "Munich SKA"]
[Site "Munich"]
[Date "1994.??.??"]
[Round "1"]
[White "Lobron, Eric"]
[Black "Huebner, Robert"]
[Result "1/2-1/2"]
[WhiteElo "2570"]
[BlackElo "2610"]

1.c4 Nf6 2.Nf3 b6 3.g3 Bb7 4.Bg2 c5 5.O-O g6 6.d4 cxd4 7.Qxd4 Bg7 8.Nc3 O-O
9.Qh4 d6 10.Bh6 Nbd7 11.b3 Rc8 12.Rac1 Rc5 13.Bxg7 Kxg7 14.Rfd1 Qa8 15.Qd4 Kg8
16.Ne1 Bxg2 17.Nxg2 Re8 18.Ne3 Qc8 19.Ncd5 Nxd5 20.Nxd5 b5 21.Qh4 f6 22.Qe4 Kf7
23.Ne3 Nb6 24.Rd4 bxc4 25.bxc4 Qe6 26.Qd3 Rec8 27.Rh4 Kg8 28.Re4 Re5 29.Rxe5 Qxe5
30.Rb1 Rc5 31.Kg2 Qe6 32.Rb4 Kf7 33.a3 Qc8 34.h4 Qc6+ 35.Kh2 Re5 36.Qb3 Kg7
37.a4 Ra5 38.Nd5 Nxd5 39.cxd5 Rxd5 40.Rb8 Qc5 41.Kh3 Qd4 42.Re8 Qe4 43.Rxe7+ Qxe7
44.Qxd5 Qd7+ 45.Kh2 Qxa4 46.Qxd6 Qa2 47.Qd4 Qf7 48.Qc5 a6 49.e4 Qb7 50.e5 Qf7
51.Kg1 fxe5  1/2-1/2

[Event "JUG-chT"]
[Site "Nis"]
[Date "1994.??.??"]
[Round "?"]
[White "Damljanovic, Branko"]
[Black "Petronic, Jovan"]
[Result "1-0"]
[WhiteElo "2505"]
[BlackElo "2455"]

1.Nf3 Nf6 2.c4 c5 3.g3 b6 4.Bg2 Bb7 5.O-O g6 6.Nc3 Bg7 7.d4 cxd4 8.Qxd4 O-O
9.Qh4 d6 10.Bg5 Nbd7 11.Rac1 a6 12.b3 Rc8 13.Rfd1 Rc5 14.g4 h6 15.Be3 Rc7
16.h3 g5 17.Qg3 Ne4 18.Nxe4 Bxe4 19.h4 Bxf3 20.exf3 Be5 21.f4 gxf4 22.Bxf4 Rc5
23.Bxe5 Rxe5 24.g5 Kh8 25.f4 Ra5 26.Rc2 Rg8 27.b4 Rf5 28.Bh3 Rf6 29.Rg2 Rfg6
30.Qc3+ f6 31.f5 R6g7 32.g6 Re8 33.Qe3 Kg8 34.Qxh6 Ne5 35.Qf4 e6 36.h5 exf5
37.Bxf5 d5 38.h6 Rc7 39.g7 Rxc4 40.h7+ Kf7 41.Qxc4 Nf3+ 42.Kf2  1-0

[Event "Peristeri"]
[Site "Peristeri"]
[Date "1994.??.??"]
[Round "9"]
[White "Nikolaidis, Ioannis"]
[Black "Atalik, Suat"]
[Result "1-0"]
[WhiteElo "2460"]
[BlackElo "2535"]

1.Nf3 Nf6 2.g3 b6 3.Bg2 Bb7 4.c4 c5 5.O-O g6 6.Nc3 Bg7 7.d4 cxd4 8.Nxd4 Bxg2
9.Kxg2 O-O 10.e4 Nc6 11.Be3 Rc8 12.Nxc6 Rxc6 13.Qe2 Qa8 14.Nd5 Re8 15.f3 d6
16.Rad1 Qb7 17.b3 Rcc8 18.Rfe1 Nxd5 19.Rxd5 Rc6 20.Red1 a6 21.a4 Rb8 22.Bf4 Rc5
23.e5 Rxd5 24.Rxd5 dxe5 25.Bxe5 Bxe5 26.Qxe5 Rc8 27.Qd4 Qc6 28.Rd8+ Rxd8
29.Qxd8+ Kg7 30.Qxe7 a5 31.Qe5+ Kg8 32.g4 h6 33.h4 Qc8 34.Qd6 Qb7 35.Kg3 Kg7
36.h5 Kh7 37.Kf4 Kg7 38.Qd5 Qa7 39.Qd8 Qb7 40.Ke3 Qc6 41.Qd5 Qc7 42.Qd4+ Kh7
43.Qf6 gxh5 44.Qf5+ Kg7 45.gxh5 Qd6 46.Qg4+ Kf8 47.Qd4 Qe7+ 48.Kd3 Qe6 49.Qd5 Qe7
50.c5 bxc5 51.Qa8+ Kg7 52.Qxa5 Qd7+ 53.Kc2 Qf5+ 54.Kb2 Qxh5 55.Qc3+ Kf8 56.a5 Qh2+
57.Ka3 Qd6 58.b4 Ke7 59.bxc5 Qc6 60.Qe3+ Kd7 61.Kb4 h5 62.Qd3+ Kc8 63.a6 h4
64.f4 Qf6 65.Kb5 Qxf4 66.a7 Kb7 67.c6+  1-0

[Event "POR-chT"]
[Site "?"]
[Date "1994.??.??"]
[Round "?"]
[White "Antunes, Antonio"]
[Black "Spraggett, Kevin"]
[Result "1-0"]
[WhiteElo "2465"]
[BlackElo "2550"]

1.Nf3 Nf6 2.c4 b6 3.g3 c5 4.Bg2 Bb7 5.O-O g6 6.Nc3 Bg7 7.d4 cxd4 8.Qxd4 d6
9.Rd1 Nbd7 10.Be3 Rc8 11.Rac1 O-O 12.Qh4 a6 13.b3 Re8 14.Bh6 Rc5 15.Bxg7 Kxg7
16.Qd4 Kg8 17.b4 Rc8 18.Nd5 b5 19.Nd2 Nxd5 20.cxd5 Qb6 21.Nb3 Qxd4 22.Nxd4 Nb6
23.e4 Rxc1 24.Rxc1 Rc8 25.Rxc8+ Bxc8 26.Bf1 Kf8 27.f3 Bd7 28.Kf2 e6 29.dxe6 fxe6
30.f4 Ke7 31.Nb3 Na4 32.Bd3 e5 33.a3 Bc6 34.Ke3 Bd7 35.Na5 Nb6 36.Bc2 h6
37.Bb3 exf4+ 38.gxf4 g5 39.Ba2 Na8 40.Bd5 Nc7 41.Bb7 Kf6 42.Nc6 gxf4+ 43.Kxf4 Ne6+
44.Ke3 Bxc6 45.Bxc6 Ke5 46.Bb7 Nc7 47.Bc8 d5 48.exd5 Ne8 49.Bxa6 Nd6 50.Kf3 Kf5
51.Ke3 Ke5 52.Kf3 Kf5 53.Kg3 Kg5 54.Kh3 Kh5 55.Bxb5 Nxb5 56.a4 Nd6 57.a5 Kg5
58.a6 Nb5 59.d6 Kf6 60.Kg4 Ke6 61.Kh5 Kxd6 62.Kxh6 Kc7 63.h4 Kb6 64.h5 Kxa6
65.Kg6 Nd4 66.Kf6  1-0

[Event "SLO-chT"]
[Site "?"]
[Date "1994.??.??"]
[Round "?"]
[White "Velickovic, Zoran"]
[Black "Kecic, Stevan"]
[Result "0-1"]
[WhiteElo "2325"]
[BlackElo "2250"]

1.Nf3 c5 2.g3 b6 3.Bg2 Bb7 4.O-O Nf6 5.c4 g6 6.d4 cxd4 7.Qxd4 Bg7 8.Nc3 O-O
9.Qh4 Na6 10.Bh6 Nc5 11.Rfd1 Rc8 12.b3 a6 13.Ng5 Bxg2 14.Kxg2 Ne6 15.Nxe6 fxe6
16.Bxg7 Kxg7 17.Qd4 Qc7 18.Rac1 Kg8 19.Na4 Qb7+ 20.f3 Rc6 21.b4 e5 22.Qe3 e4
23.f4 Ng4 24.Qxe4 Ne3+ 25.Kf2 Nxd1+ 26.Rxd1 d6 27.Qd5+ Rf7 28.c5 bxc5 29.bxc5 Qb5
30.Rd4 dxc5 31.Nc3 Qb6 32.Ra4 c4+ 33.Kf3 Qg1 34.Ne4 Rd6 35.Qxc4 Rd1 36.Ng5  0-1

[Event "SVK-chT"]
[Site "?"]
[Date "1994.??.??"]
[Round "11"]
[White "Zavarsky, Juraj"]
[Black "Plachetka, Tomas"]
[Result "1-0"]
[WhiteElo "2020"]
[BlackElo "2230"]

1.Nf3 c5 2.c4 Nf6 3.g3 b6 4.Bg2 Bb7 5.O-O g6 6.b3 Bg7 7.Bb2 O-O 8.d3 Nc6
9.a3 d5 10.cxd5 Nxd5 11.Bxg7 Kxg7 12.Qc2 Rc8 13.Qb2+ Kg8 14.Nbd2 Qd7 15.Rac1 Rfd8
16.Ne5 Nxe5 17.Qxe5 Nf6 18.Rc4 Bxg2 19.Kxg2 Rc6 20.Nf3 Qb7 21.Rfc1 Rd5 22.Qb2 Re6
23.b4 Nd7 24.bxc5 Ne5 25.Nxe5 Rdxe5+ 26.c6 Qc7 27.Qd4 Rxe2 28.Qd7 Qe5 29.Qd8+ Kg7
30.Qd4 Qxd4 31.Rxd4 Rf6 32.Rf4  1-0

[Event "ISR-ch"]
[Site "Tel Aviv"]
[Date "1994.??.??"]
[Round "5"]
[White "Bruk, Ofer"]
[Black "Mashian, Yaacov"]
[Result "1-0"]
[WhiteElo "2435"]
[BlackElo "2205"]

1.Nf3 Nf6 2.c4 b6 3.g3 Bb7 4.Bg2 c5 5.O-O g6 6.b3 Bg7 7.Bb2 O-O 8.Nc3 Na6
9.d4 cxd4 10.Qxd4 Nc5 11.Rfd1 d6 12.Rac1 a6 13.Nd5 b5 14.Qh4 Nxd5 15.Bxg7 Kxg7
16.cxd5 Nd7 17.Nd4 Nf6 18.Qg5 Kh8 19.Nc6 Bxc6 20.Rxc6 Qa5 21.Qe3 Rfe8 22.Rc2 Kg7
23.Rdc1 Rad8 24.Qd4 e5 25.dxe6 Rxe6 26.Bf3 d5 27.Rc6 Rdd6 28.Rxd6 Rxd6 29.e4 Qb6
30.Qxb6 Rxb6 31.exd5 Rd6 32.Rc6 Ne8 33.Kf1 Kf6 34.Rc8 Ng7 35.g4 Ke7 36.Rg8 Kf6
37.g5+ Kxg5 38.Rxg7 Rf6 39.Ke2 h5 40.Rg8 Kf4 41.Re8  1-0

[Event "Czerniak mem"]
[Site "Tel Aviv"]
[Date "1994.??.??"]
[Round "7"]
[White "Godes, Dmitry R"]
[Black "Shrentzel, Mordechai"]
[Result "1/2-1/2"]
[WhiteElo "2405"]
[BlackElo "2290"]

1.c4 c5 2.Nf3 Nf6 3.g3 b6 4.Bg2 Bb7 5.O-O g6 6.Nc3 Bg7 7.e3 O-O 8.d4 Ne4
9.Bd2 Nxd2 10.Qxd2 cxd4 11.exd4 Bxf3 12.Bxf3 Nc6 13.Bxc6 dxc6 14.Rad1 e6
15.d5 cxd5 16.cxd5 Bxc3 17.Qxc3 exd5 18.Rd4 Qf6 19.Rfd1 Rfe8 20.Qd3 Rad8
21.b4 Re5 22.a4 Qe6 23.Kg2 Qc6 24.a5 bxa5 25.bxa5 Rb8 26.Rb1 Rbe8 27.Qb5 Qe6
28.Rb2 Rd8 29.Qc5 Qe7 30.Qc3 Re4 31.Rbd2 Rxd4 32.Rxd4 Qd6 33.h4 h5 34.Qc1 Rd7
35.Qc2 Rc7 36.Qe2 Rc5 37.Qe8+ Kg7 38.Rf4 Qe6 39.Qd8 Rc4 40.Rxc4 dxc4 41.Qd4+ Kg8
42.Qxa7 Qd5+ 43.Kh2 c3 44.Qb8+ Kg7 45.Qb4 Qc6 46.a6  1/2-1/2

[Event "Ticino op"]
[Site "Ticino"]
[Date "1994.??.??"]
[Round "6"]
[White "Cvitan, Ognjen"]
[Black "Erdelyi, Tamas"]
[Result "1-0"]
[WhiteElo "2585"]
[BlackElo "2300"]

1.Nf3 c5 2.c4 Nf6 3.g3 b6 4.Bg2 Bb7 5.O-O g6 6.d3 Bg7 7.e4 d6 8.Nc3 O-O 9.a3 Nc6
10.Rb1 Ne8 11.Bd2 Nc7 12.b4 Ne6 13.h4 Ned4 14.Nxd4 Nxd4 15.h5 Qd7 16.f4 f5
17.a4 Rab8 18.Kh2 cxb4 19.Rxb4 gxh5 20.Bh3 Rf6 21.Nb5 Nc6 22.Rb1 e6 23.Nxd6 Qxd6
24.e5 Qxd3 25.exf6 Bxf6 26.Be1 Qxc4 27.Rc1 Qa2+ 28.Rf2 Qa3 29.Bg2 Nd4 30.Rc7 Bxg2
31.Qxh5 Be7 32.Kxg2 Qd6 33.Rxa7 Nc6 34.Rd2 Qc5 35.Rc7 Qc4 36.Qf3 Qc1 37.Re2  1-0

[Event "Zuerich op"]
[Site "Zuerich"]
[Date "1994.??.??"]
[Round "?"]
[White "Maeser, Fabian"]
[Black "Giertz, Niklaus"]
[Result "0-1"]
[WhiteElo "2295"]
[BlackElo "2325"]

1.c4 c5 2.Nf3 Nf6 3.g3 b6 4.Bg2 Bb7 5.O-O g6 6.Nc3 Bg7 7.d3 d5 8.cxd5 Nxd5
9.Bd2 O-O 10.Nxd5 Qxd5 11.Bc3 Nc6 12.Ne5 Qe6 13.Nxc6 Bxc6 14.Bxc6 Qxc6 15.Bxg7 Kxg7
16.Qc2 Rfd8 17.Rac1 a5 18.Qc3+ Qf6 19.Qxf6+ Kxf6 20.Rc4 Rd6 21.Rfc1 e5 22.R1c3 Ke6
23.a4 f5 24.Rb3 Kd5 25.f3 Kc6 26.Kf2 Rad8 27.f4 exf4 28.gxf4 Rd4 29.Rbc3 Rxc4
30.Rxc4 Rb8 31.e4 b5 32.axb5+ Rxb5 33.Rc2 Rb3 34.Ke3 fxe4 35.Kxe4 Kd6 36.d4 cxd4
37.Kxd4 Rb4+ 38.Ke3 Kd5 39.Kf3 h6 40.Rd2+ Rd4 41.Rg2 Rd3+ 42.Ke2 Rb3 43.Rxg6 Ke4
44.Kf2 Kxf4 45.Kg2 Rxb2+ 46.Kh3 Rb5 47.Kh4 Ke4 48.Kg3 Kd4 49.Kf4 Kc4 50.Ke4 a4  0-1

[Event "Aceimar op"]
[Site "Aceimar"]
[Date "1995.??.??"]
[Round "?"]
[White "Lezcano Jaen, Pedro"]
[Black "Rodriguez, Al"]
[Result "1/2-1/2"]
[WhiteElo "2340"]
[BlackElo "2490"]

1.Nf3 Nf6 2.c4 b6 3.g3 Bb7 4.Bg2 c5 5.O-O g6 6.d4 cxd4 7.Nxd4 Bxg2 8.Kxg2 Bg7
9.Nc3 Qc7 10.b3 Qb7+ 11.f3 O-O 12.e4 Na6 13.Be3 Nc5 14.Rc1 Rac8 15.Qe2 a6
16.Rfd1 d6 17.Nd5 Rfe8 18.Bg5 Ncd7 19.Be3 e6 20.Nxf6+ Nxf6 21.Kg1 d5 22.e5 Nd7
23.f4 dxc4 24.Rxc4 Rxc4 25.Qxc4 Rc8  1/2-1/2

[Event "Balatonbereny-B"]
[Site "Balatonbereny"]
[Date "1995.??.??"]
[Round "4"]
[White "Ellers, Holger"]
[Black "Nagy, E."]
[Result "0-1"]
[WhiteElo "2360"]
[BlackElo "2325"]

1.Nf3 Nf6 2.c4 c5 3.g3 b6 4.Bg2 Bb7 5.O-O g6 6.Nc3 Bg7 7.d4 cxd4 8.Qxd4 O-O
9.Qh4 d6 10.Bh6 Nbd7 11.Rfd1 Re8 12.Bxg7 Kxg7 13.Rac1 Rc8 14.Nd4 Bxg2 15.Kxg2 Rc5
16.Nf3 Qc8 17.b3 Rh5 18.Qd4 Ne5 19.Ng1 Qc5 20.Qxc5 bxc5 21.h3 g5 22.g4 Rh6
23.e3 Nc6 24.Nge2 Nd7 25.f4 gxf4 26.exf4 f5 27.Ng3 Rf8 28.Nxf5+ Rxf5 29.gxf5 Rf6
30.Kf3 Rxf5 31.Rg1+ Kf7 32.Rg5 Rf6 33.Rcg1 Nd4+ 34.Ke4 Ne6 35.Rf5 Rxf5 36.Kxf5 Nf6
37.Rg3 h6 38.Nb5 Nd4+ 39.Nxd4 cxd4  0-1

[Event "Belgrade Minex"]
[Site "Belgrade"]
[Date "1995.??.??"]
[Round "6"]
[White "Ivkov, Borislav"]
[Black "Marinkovic, Slavisa"]
[Result "1/2-1/2"]
[WhiteElo "2460"]
[BlackElo "2415"]

1.Nf3 Nf6 2.c4 b6 3.g3 c5 4.Bg2 Bb7 5.O-O g6 6.b3 Bg7 7.Bb2 O-O 8.Nc3 d5
9.Nxd5 Nxd5 10.Bxg7 Kxg7 11.cxd5 Qxd5 12.d4 cxd4 13.Qxd4+ Qxd4 14.Nxd4 Bxg2
15.Kxg2 Rc8 16.Rac1 Na6 17.a3 Nc5 18.b4 Ne4 19.Nb5 Nd2 20.Rxc8 Rxc8 21.Rd1 Rc2
22.Nxa7 Nc4 23.a4 Ra2 24.Rd4 Rxa4 25.Rxc4 Rxa7 26.Rc6 Rb7 27.g4 h6 28.h4 b5
29.Rc5 Kf6 30.f4 e6 31.Kf3 Rb6 32.Rc7 Rd6 33.Rc5 Rb6 34.e4 Rb7 35.Ke3 Ke7
36.h5 Kf6 37.hxg6 Kxg6 38.Rc6 Kg7 39.Rc5 Kf6 40.Kf3 Rb6 41.Kg3 Kg6 42.Kh4 Rd6
43.f5+ Kg7 44.e5 Rd1 45.Rxb5 Rh1+ 46.Kg3 Rg1+ 47.Kh3 exf5 48.gxf5 Rg5 49.f6+ Kg6
50.Rc5 Rg1 51.Rc3 Re1 52.b5 Rxe5 53.Rb3 Kxf6 54.b6 Re8 55.b7 Rb8 56.Kg4  1/2-1/2

[Event "Belgrade Trako"]
[Site "Belgrade"]
[Date "1995.??.??"]
[Round "11"]
[White "Arsovic, Goran"]
[Black "Timoshenko, Georgy"]
[Result "1/2-1/2"]
[WhiteElo "2385"]
[BlackElo "2555"]

1.Nf3 Nf6 2.c4 b6 3.g3 Bb7 4.Bg2 c5 5.O-O g6 6.Nc3 Bg7 7.d4 cxd4 8.Qxd4 d6
9.Rd1 Nbd7 10.Be3 O-O 11.Qh4 Rc8 12.Rac1 Re8 13.b3 a6 14.Bh6 Bh8 15.Bh3 Bxf3
16.exf3 Rc5 17.g4 Ne5 18.Qg3 Rc8 19.Be3 Bg7 20.f4 Ned7 21.Qf3 h6 22.Qb7 Nc5
23.Qg2 Rb8 24.f5 g5 25.f4 Nh7 26.b4 Bxc3 27.Rxc3 Nd7 28.Qg3 Ndf6 29.Bg2 e6
30.fxg5 hxg5 31.Rxd6 Qe7 32.Rcd3 exf5 33.gxf5 Ne4 34.Bxe4 Qxe4 35.Bxg5 Qe1+
36.Qxe1 Rxe1+ 37.Kf2 Re5 38.Rd8+ Rxd8 39.Rxd8+ Kg7 40.f6+ Kg6 41.Be3 Re4
42.Rd4 Re6 43.Rg4+ Kf5 44.Rf4+ Ke5 45.Kg3 Rd6 46.Rh4 Rd3 47.Rh5+ Kxf6 48.Kf2 Nf8
49.Bxb6 Rd2+ 50.Kg3 Rxa2 51.Ra5 Rc2 52.Bd4+ Ke7 53.Bc5+ Ke8 54.Rxa6 Ne6 55.Ra8+ Kd7
56.Ra7+ Kc6 57.Ra6+ Kd7 58.Ra7+ Kc6 59.Rxf7 Rc3+ 60.Rf3 Rxc4 61.h4 Nxc5 62.bxc5 Rxc5
63.Kg4 Kd7 64.Re3 Rc8 65.h5 Re8 66.Rf3 Ke7 67.h6 Rf8  1/2-1/2

[Event "Biel Credis op"]
[Site "Biel"]
[Date "1995.??.??"]
[Round "8"]
[White "Wyss, Thomas"]
[Black "Ambroz, Jan"]
[Result "0-1"]
[WhiteElo "2255"]
[BlackElo "2400"]

1.Nf3 Nf6 2.c4 b6 3.g3 c5 4.Bg2 Bb7 5.O-O g6 6.d4 cxd4 7.Qxd4 Bg7 8.Nc3 Nc6
9.Qh4 h6 10.Qf4 Rc8 11.Nd5 e6 12.Nxf6+ Qxf6 13.Qd6 Qe7 14.Qf4 Na5 15.Nd2 Bxg2
16.Kxg2 O-O 17.Rb1 d5 18.cxd5 exd5 19.Nf3 Qxe2 20.Re1 Qc4 21.Qd6 Qxa2 22.Bf4 g5
23.Ra1 Qb3 24.Ra3 Qb5 25.Nd4 Bxd4 26.Qxh6 Qc6 27.Bd6 Bg7  0-1

[Event "Budapest FS07 GM"]
[Site "Budapest"]
[Date "1995.??.??"]
[Round "?"]
[White "Csom, Istvan"]
[Black "Petrosian, Karen"]
[Result "1/2-1/2"]
[WhiteElo "2455"]
[BlackElo "2400"]

1.c4 c5 2.Nf3 Nf6 3.g3 b6 4.Bg2 Bb7 5.O-O g6 6.b3 Bg7 7.Bb2 O-O 8.Nc3 d5
9.Nxd5 Nxd5 10.Bxg7 Kxg7 11.cxd5 Qxd5 12.d4 cxd4 13.Qxd4+ Qxd4 14.Nxd4 Bxg2
15.Kxg2 a6 16.Rac1 Ra7 17.Rc2 Rd8 18.Nf3 a5 19.Rfc1 f6 20.Ne1 Rd6 21.Nd3 Na6
22.f4 h5 23.Kf3 Kf7 24.a3 Rad7 25.Rc3 Rd8 26.Ke3 Re6+ 27.Kf2 Red6 28.R1c2 Ke8
29.Rc4 Kf7 30.h3 Kg7 31.Rc8 Nc5 32.Nxc5 Rxc8 33.Ne6+ Rxe6 34.Rxc8 f5 35.Rc4 Kf6
36.b4 axb4 37.axb4 Rd6 38.e4 fxe4 39.Rxe4 Rd2+ 40.Kf3 Rb2 41.h4 Rb3+ 42.Kf2 e6
43.Kg2 b5 44.Kf2 Rd3 45.Re5 Rd5 46.Re4 Kf5 47.Re3 e5 48.fxe5 Rxe5 49.Rxe5+ Kxe5
50.Ke3 Kd5 51.Kd3 Ke5 52.Ke3 Kd5  1/2-1/2

[Event "Budapest FS03 GM"]
[Site "Budapest"]
[Date "1995.??.??"]
[Round "13"]
[White "Szekely, Peter"]
[Black "Csom, Istvan"]
[Result "1/2-1/2"]
[WhiteElo "2455"]
[BlackElo "2455"]

1.Nf3 c5 2.c4 Nf6 3.g3 b6 4.Bg2 Bb7 5.O-O g6 6.Nc3 Bg7 7.Re1 Nc6 8.e4 e5
9.d3 O-O 10.a3 h6  1/2-1/2

[Event "CZE-chT 9495"]
[Site "?"]
[Date "1995.??.??"]
[Round "7"]
[White "Smejkal, Jan"]
[Black "Stohl, Igor"]
[Result "1/2-1/2"]
[WhiteElo "2515"]
[BlackElo "2530"]

1.Nf3 Nf6 2.c4 b6 3.g3 c5 4.Bg2 Bb7 5.O-O g6 6.b3 Bg7 7.Bb2 O-O 8.Nc3 Na6
9.Rc1 d5 10.Nxd5 Nxd5 11.Bxg7 Kxg7 12.cxd5 Qxd5 13.d4 Rfd8 14.dxc5 Qxd1 15.Rfxd1 Nxc5
16.Ne5 Bxg2 17.Kxg2 Rxd1 18.Rxd1 Rc8 19.Rc1 Rd8 20.Rc2 Ne6 21.e3 f6 22.Rc6 Ng5
23.Nf3 Nxf3 24.Kxf3  1/2-1/2